[Event "Ljubljana-chT 69th 2nd League"]
[Site "Ljubljana"]
[Date "2016.02.11"]
[Round "4.1"]
[White "Pelko, Anton"]
[Black "Menart, Stane"]
[Result "0-1"]
[WhiteElo "1559"]
[BlackElo "1567"]
[PlyCount "90"]
[EventDate "2016.01.14"]
[EventType "team-tourn"]
[EventRounds "10"]
[EventCountry "SLO"]
[SourceTitle "EXT 2022"]
[Source "ChessBase"]
[SourceDate "2021.10.06"]
[SourceVersion "1"]
[SourceVersionDate "2021.10.06"]
[SourceQuality "1"]
[WhiteTeam "Medvode"]
[BlackTeam "Ljubljana Energetica Te Tol"]
[WhiteTeamCountry "URS"]
[BlackTeamCountry "SLO"]

1. d4 d5 2. c4 e6 3. Nc3 h6 4. cxd5 exd5 5. a3 a6 6. Bf4 Bd6 7. Bxd6 Qxd6 8. e3 Nf6 9. Nf3 0-0 10. Be2 Bf5 11. 0-0 Nbd7 12. Rc1 c6 13. h3 Ne4 14. Bd3 Nxc3 15. Rxc3 Bxd3 16. Qxd3 Rfe8 17. Re1 Re6 18. e4 dxe4 19. Rxe4 Rae8 20. Re3 Rxe3 21. fxe3 Nf6 22. Rc1 Qg3 23. Rf1 Nd5 24. Ne5 f6 25. Rf3 Qe1+ 26. Rf1 Qxe3+ 27. Qxe3 Nxe3 28. Rf3 Nc2 29. Nd7 Nxd4 30. Rd3 Ne2+ 31. Kf2 Nf4 32. Rb3 b5 33. Rc3 Rc8 34. Kf3 Nd5 35. Rd3 a5 36. Nc5 Kf7 37. Ne4 Ke6 38. Nc5+ Ke5 39. g3 h5 40. h4 g5 41. hxg5 fxg5 42. Kg2 g4 43. Rd2 Ne3+ 44. Kg1 Nc4 45. Rc2 a4 0-1

[Event "Ljubljana-chT 68th 2nd League"]
[Site "Ljubljana"]
[Date "2015.01.22"]
[Round "3.1"]
[White "Menart, Stane"]
[Black "Siraj, Anej"]
[Result "1-0"]
[WhiteElo "1589"]
[BlackElo "1410"]
[PlyCount "55"]
[EventDate "2015.01.08"]
[EventType "team-tourn"]
[EventRounds "10"]
[EventCountry "SLO"]
[SourceTitle "EXT 2022"]
[Source "ChessBase"]
[SourceDate "2021.10.06"]
[SourceVersion "1"]
[SourceVersionDate "2021.10.06"]
[SourceQuality "1"]
[WhiteTeam "Ljubljana Energetica Te Tol"]
[BlackTeam "Vrhnika II"]
[WhiteTeamCountry "SLO"]
[BlackTeamCountry "SLO"]

1. e4 e5 2. Nf3 Nc6 3. d4 exd4 4. Nxd4 Bc5 5. c3 Qf6 6. Be3 Nge7 7. Bd3 d5 8. Qf3 Qg6 9. Nxc6 Bxe3 10. Nxe7 Kxe7 11. Qxe3 Qxg2 12. exd5+ Kd8 13. Be4 Qg4 14. f3 Qh4+ 15. Qf2 Qf4 16. 0-0 Bh3 17. Re1 f5 18. Bc2 Qh6 19. Na3 Rf8 20. Re6 Rf6 21. Rxf6 Qxf6 22. Qg3 Qh6 23. f4 Kd7 24. Nc4 Rd8 25. Qg5 Qa6 26. Bxf5+ Bxf5 27. Qxf5+ Ke7 28. Re1+ 1-0